Optimal control systems

Gorde:
Xehetasun bibliografikoak
Egile nagusia: Desineni Subbaram Naidu
Formatua: Liburua
Hizkuntza:Undetermined
Argitaratua: Boca Raton, FL CRC Press 2003
Gaiak:
Etiketak: Etiketa erantsi
Etiketarik gabe, Izan zaitez lehena erregistro honi etiketa jartzen!
Thư viện lưu trữ: Trung tâm Học liệu Trường Đại học Cần Thơ
LEADER 00521nam a2200181Ia 4500
001 CTU_58142
008 210402s9999 xx 000 0 und d
082 |a 629.8 
082 |b N155 
100 |a Desineni Subbaram Naidu 
245 0 |a Optimal control systems 
245 0 |c Desineni Subbaram Naidu 
260 |a Boca Raton, FL 
260 |b CRC Press 
260 |c 2003 
650 |a automatic control,control theory,mathematical optimization 
904 |i Minh 
980 |a Trung tâm Học liệu Trường Đại học Cần Thơ